<Les> concepts fondamentaux de la psychologie sociale
Gespeichert in:
| 1. Verfasser: | |
|---|---|
| Format: | Buch |
| Sprache: | Französisch |
| Veröffentlicht: |
Paris
DUNOD
2010
|
| Ausgabe: | 4e éd. |
| Schriftenreihe: | Psycho SUP
|
| Schlagworte: | |
| Tags: |
Keine Tags, Fügen Sie das erste Tag hinzu!
|
MARC
| LEADER | 00000nam a2200000 4500 | ||
|---|---|---|---|
| 001 | 0147051 | ||
| 005 | 20231215114719.3 | ||
| 020 | |a 978-2-10-054489-9 | ||
| 041 | 0 | |a fre | |
| 044 | |a FR | ||
| 245 | 1 | 0 | |a <Les> concepts fondamentaux de la psychologie sociale |c Gustave-Nicolas Fischer |
| 250 | |a 4e éd. | ||
| 264 | 1 | |a Paris |b DUNOD |c 2010 | |
| 300 | |a 318 s. | ||
| 490 | 1 | |a Psycho SUP | |
| 830 | 0 | |a Psycho SUP | |
| 610 | 2 | 0 | |a psychológia sociálna |
| 610 | 2 | 0 | |a komunikácia sociálna |
| 610 | 2 | 0 | |a identita |
| 610 | 2 | 0 | |a kriminalita |
| 610 | 2 | 0 | |a prevencia |
| 100 | 1 | |a Fischer, Gustave-Nicolas | |